| 000 -LEADER |
| fixed length control field |
00432pab a2200145 454500 |
| 008 - FIXED-LENGTH DATA ELEMENTS--GENERAL INFORMATION |
| fixed length control field |
180718b xxu||||| |||| 00| 0 eng d |
| 100 ## - MAIN ENTRY--PERSONAL NAME |
| Personal name |
Lass, Daniel A. |
| 245 ## - TITLE STATEMENT |
| Title |
The supply of off-farm labour: a random coefficients approach |
| 650 ## - SUBJECT ADDED ENTRY--TOPICAL TERM |
| Topical term or geographic name entry element |
Random Coefficients |
| 650 ## - SUBJECT ADDED ENTRY--TOPICAL TERM |
| Topical term or geographic name entry element |
Agricultural Labour |
| 650 ## - SUBJECT ADDED ENTRY--TOPICAL TERM |
| Topical term or geographic name entry element |
Farm Labour |
| 700 ## - ADDED ENTRY--PERSONAL NAME |
| Personal name |
Gempesaw, Conrado M |
| 773 ## - HOST ITEM ENTRY |
| Main entry heading |
American Journal of Agricultural Economics |
| 909 ## - |
| -- |
22155 |